The world of Leonardo, 1452-1519, (Record no. 16312)
[ view plain ]
| 000 -LEADER | |
|---|---|
| fixed length control field | 00863cam a22002531 4500 |
| 001 - CONTROL NUMBER | |
| control field | 1225462 |
| 005 - DATE AND TIME OF LATEST TRANSACTION | |
| control field | 20161109130052.0 |
| 008 - FIXED-LENGTH DATA ELEMENTS--GENERAL INFORMATION | |
| fixed length control field | 711020s1966 nyua b 000 0 eng |
| 010 ## - LIBRARY OF CONGRESS CONTROL NUMBER | |
| LC control number | 66024104 |
| 040 ## - CATALOGING SOURCE | |
| Original cataloging agency | DLC |
| Transcribing agency | DLC |
| Modifying agency | DLC |
| 050 00 - LIBRARY OF CONGRESS CALL NUMBER | |
| Classification number | ND623.L5 |
| Item number | W32 |
| 082 00 - DEWEY DECIMAL CLASSIFICATION NUMBER | |
| Classification number | 759.5 |
| 100 1# - MAIN ENTRY--PERSONAL NAME | |
| Personal name | Wallace, Robert, |
| Dates associated with a name | 1919- |
| 245 14 - TITLE STATEMENT | |
| Title | The world of Leonardo, 1452-1519, |
| Statement of responsibility, etc. | by Robert Wallace and the editors of Time-Life Books. |
| 260 ## - PUBLICATION, DISTRIBUTION, ETC. (IMPRINT) | |
| Place of publication, distribution, etc. | New York, |
| Name of publisher, distributor, etc. | Time, inc. |
| Date of publication, distribution, etc. | [1966] |
| 300 ## - PHYSICAL DESCRIPTION | |
| Extent | 192 p. |
| Other physical details | illus. (part col.) |
| Dimensions | 32 cm. |
| 490 0# - SERIES STATEMENT | |
| Series statement | Time-Life library of art |
| 504 ## - BIBLIOGRAPHY, ETC. NOTE | |
| Bibliography, etc | Bibliography: p. 187-188. |
| 600 00 - SUBJECT ADDED ENTRY--PERSONAL NAME | |
| Personal name | Leonardo, |
| Titles and other words associated with a name | da Vinci, |
| Dates associated with a name | 1452-1519. |
| 730 0# - ADDED ENTRY--UNIFORM TITLE | |
| Uniform title | Life (Chicago, Ill.) |
| 906 ## - LOCAL DATA ELEMENT F, LDF (RLIN) | |
| a | 7 |
| b | cbc |
| c | orignew |
| d | u |
| e | ocip |
| f | 19 |
| g | y-gencatlg |
| 942 ## - ADDED ENTRY ELEMENTS (KOHA) | |
| Source of classification or shelving scheme | |
| Koha item type | Hard Covered Materials |
| Classification part | ND623.L5 W32 1966 |
| Withdrawn status | Lost status | Source of classification or shelving scheme | Damaged status | Not for loan | Home library | Current library | Shelving location | Date acquired | Source of acquisition | Total Checkouts | Full call number | Barcode | Date last seen | Price effective from | Koha item type |
|---|---|---|---|---|---|---|---|---|---|---|---|---|---|---|---|
| MACHAKOS UNIVERSITY LIBRARY | MACHAKOS UNIVERSITY LIBRARY | Open shelf | 09/11/2016 | Donation (BFA) | ND623.L5 W32 1966 | 26968 | 09/11/2016 | 09/11/2016 | Hard Covered Materials |